Integrated tariff of the United Kingdom.
| Format: | Book |
|---|---|
| Published: |
London:
Commisioners of Her Majesty's Customs & Excise Kings Beam House,
1987.
|
| Subjects: |
| LEADER | 00495cam a2200157 7i4500 | ||
|---|---|---|---|
| 001 | 0000004843 | ||
| 005 | 19991025090000.0 | ||
| 002 | ##000006395 | ||
| 020 | 0 | 0 | |a T000005166 |
| 090 | 0 | 0 | |a T 382.7 |b INT(U.K) |
| 245 | 0 | 0 | |a Integrated tariff of the United Kingdom. |
| 260 | 0 | 0 | |a London: |b Commisioners of Her Majesty's Customs & Excise Kings Beam House, |c 1987. |
| 300 | 0 | 0 | |a 124 p.. |
| 650 | 0 | 0 | |a Tariff -- |z United Kingdom |
| 651 | 0 | 0 | |a United Kingdom |
| 999 | |a 0000003457 |b Book |c Open shelf |e Business Information Centre | ||